[Event "Berlin Werner Ott op"]
[Site "Berlin"]
[Date "2019.06.23"]
[Round "2"]
[White "Hentze, Jakob"]
[Black "Krueger, Robin Kevin"]
[Result "1/2-1/2"]
[WhiteElo "1849"]
[BlackElo "2009"]
[PlyCount "51"]
[EventDate "2019.06.22"]
[EventType "swiss"]
[EventRounds "9"]
[EventCountry "GER"]
[SourceTitle "EXT 2022"]
[Source "ChessBase"]
[SourceDate "2021.10.06"]
[SourceVersion "1"]
[SourceVersionDate "2021.10.06"]
[SourceQuality "1"]

1. d4 d5 2. c4 e6 3. Nc3 c5 4. cxd5 exd5 5. Nf3 Nc6 6. g3 Nf6 7. Bg2 Be7 8. 0-0 0-0 9. Be3 c4 10. a3 Bf5 11. Nh4 Be6 12. Qc2 Qd7 13. Rad1 Rad8 14. Bf4 Nh5 15. Nf3 f5 16. Bg5 Nf6 17. Ne5 Qc8 18. Qa4 a6 19. Qc2 b5 20. f3 Qc7 21. Nxc6 Qxc6 22. e4 Qd7 23. e5 Ne8 24. Bxe7 Qxe7 25. f4 Nc7 26. Rd2 1/2-1/2

[Event "Reykjavik op"]
[Site "Reykjavik"]
[Date "2019.04.09"]
[Round "3"]
[White "Helgadottir, Idunn"]
[Black "Hentze, Jakob"]
[Result "0-1"]
[WhiteElo "1137"]
[BlackElo "1878"]
[PlyCount "50"]
[EventDate "2019.04.08"]
[EventType "swiss"]
[EventRounds "9"]
[EventCountry "ISL"]
[SourceTitle "CBM 189 Extra"]
[Source "ChessBase"]
[SourceDate "2019.06.03"]
[SourceVersion "1"]
[SourceVersionDate "2019.06.03"]
[SourceQuality "1"]

1. e4 e5 2. Nf3 Nc6 3. Bc4 Nf6 4. Ng5 d5 5. exd5 b5 6. Bxb5 Qxd5 7. Bxc6+ Qxc6 8. 0-0 Bc5 9. h3 0-0 10. Nc3 Bb7 11. Nce4 Nxe4 12. Qg4 f5 13. Qh4 Nxg5 14. Qxg5 Rf6 15. Kh2 Rg6 16. Qxg6 hxg6 17. f3 e4 18. d3 exf3 19. Rxf3 Re8 20. Bf4 g5 21. Bxg5 Re2 22. Kg3 Rxg2+ 23. Kf4 Qxf3+ 24. Ke5 Re2+ 25. Be3 Rxe3# 0-1